Cricket: Men's All-Time ICC ODI Batting Rankings - Statistics

General Stats
  • This quiz has been taken 55 times
  • The average score is 12 of 20
Answer Stats
Country Year Rating Answer % Correct
SA 2015 902 AB de Villiers
94%
IND 2018 911 Virat Kohli
91%
WI 1993 908 Brian Lara
89%
IND 1998 887 Sachin Tendulkar
89%
WI 1985 935 Sir Viv Richards
89%
AUS 2017 880 David Warner
85%
IND 2019 885 Rohit Sharma
83%
PAK 1987 910 Javed Miandad
77%
SA 2012 901 Hashim Amla
74%
WI 1983 895 Sir Gordon Greenidge
60%
WI 1985 900 Desmond Haynes
53%
SA 1996 900 Gary Kirsten
49%
AUS 1981 921 Greg Chappell
49%
ENG 1983 919 David Gower
47%
AUS 1999 885 Michael Bevan
43%
AUS 1991 918 Dean Jones
40%
PAK 1983 931 Zaheer Abbas
36%
AUS 2014 867 George Bailey
28%
ENG 1985 897 Allan Lamb
26%
SA 1985 872 Kepler Wessels
17%
No matching quizzes found
Score Distribution
Percent of People with Each Score
Percentile by Number Answered
Your Score History
You have not taken this quiz